| 000 | 00911nam a2200229 a 4500 | ||
|---|---|---|---|
| 001 | 46938 | ||
| 003 | BD-RjUL | ||
| 005 | 20211209054231.0 | ||
| 008 | 160806s1998 bg ||||| b||| 00| 0 ben d | ||
| 020 | _a9840737902 | ||
| 035 | _a(BD-RjUL)47057 | ||
| 040 |
_aBD-RjUL _bben _cBD-RjUL _dBD-RjUL |
||
| 041 | _aben | ||
| 082 |
_a327.420591 _223 _bISI 1998 |
||
| 100 | 1 |
_aইসলাম, মোঃ সিরাজুল _9142972 |
|
| 245 | 1 |
_aইঙ্গ-বর্মী সম্পর্ক (১৬৪৭-১৮৮৫) / _cমোঃ সিরাজুল ইসলাম |
|
| 260 |
_aঢাকা : _bবাংলা একাডেমী, _c১৯৯৮ |
||
| 300 |
_a১৯০ পৃ. ; _c২২ সেমি. |
||
| 650 |
_aআন্তর্জাতিক সম্পর্ক _zইংলিশ-বার্মা _9142973 |
||
| 650 |
_aInternational Relation _zEnglish - Burma _9142974 |
||
| 942 |
_2ddc _cBK _01 |
||
| 999 |
_c46938 _d46938 |
||